Sports Quiz

Random Sports or WWE Quiz
Score 0/28 Timer 08:00
0 Plays Today
Year % Correct
1997Stone Cold Steve Austin
98.4%
1998Stone Cold Steve Austin
98.4%
2001Stone Cold Steve Austin
98.4%
2008John Cena
98.4%
2013John Cena
98.4%
2000The Rock
96.9%
2002Triple H
96.9%
1996Shawn Michaels
96.1%
1990Hulk Hogan
96.1%
1991Hulk Hogan
96.1%
1995Shawn Michaels
96.1%
1994Bret Hart
95.3%
2005Batista
95.3%
2014Batista
95.3%
Year % Correct
2010Edge
94.5%
2006Rey Mysterio
93.8%
2007The Undertaker
93.8%
2009Randy Orton
93.8%
2012Sheamus
92.2%
1999Vince McMahon
91.4%
2004Chris Benoit
91.4%
1988Hacksaw Jim Duggan
90.6%
2003Brock Lesnar
90.6%
1992Ric Flair
89.8%
2011Alberto Del Rio
89.1%
1994Lex Luger
85.2%
1993Yokozuna
84.4%
1989Big John Studd
80.5%
Remove Ads.
Support Sporcle.
Get the best of Sporcle when you Go Orange. This ad-free experience offers more features, more stats, and more fun while also helping to support Sporcle. Thank you for becoming a member.

You're not logged in!

Compare scores with friends on all Sporcle quizzes.
OR
Log In

Show Comments

Extras

Created Jan 5, 2015ReportNominate
Tags:WWE Quiz, Royal, rumble, Winner

Top Quizzes Today


Score Distribution

Your Account Isn't Verified!

In order to create a playlist on Sporcle, you need to verify the email address you used during registration. Go to your Sporcle Settings to finish the process.

Report this User

Report this user for behavior that violates our Community Guidelines.

Details: